Языковая игра в коммуникативном пространстве СМИ и рекламы

Xehetasun bibliografikoak
Egile nagusia: Ильясова С. В. Светлана Васильевна
Beste egile batzuk: Амири Л. П. Людмила Петровна
Gaia:Книга представляет собой первую академическую работу по языковой игре в СМИ и рекламе конца XX — начала XXI в., содержащую богатый систематизированный материал по теме, представляющей интерес для самого широкого круга читателей. В основе издания лежит принципиально новое исследование всего арсенала языковых средств, используемых в языковой игре на всех языковых уровнях в СМИ и рекламе. Материал иллюстрирован многочисленными примерами и разъяснениями. Для преподавателей, студентов и аспирантов филологических факультетов вузов, а также всех интересующихся активными процессами в современном русском языке.
Hizkuntza:errusiera
Argitaratua: Москва, Флинта, 2009
Gaiak:
Formatua: MixedMaterials Liburua
KOHA link:https://koha.lib.tpu.ru/cgi-bin/koha/opac-detail.pl?biblionumber=165936

MARC

LEADER 00000nam0a2200000 4500
001 165936
005 20231101222604.0
010 |a 9785976508255 
010 |a 978-5-02-034893-6 
035 |a (RuTPU)RU\TPU\book\180001 
090 |a 165936 
100 |a 20090923d2009 m y0rusy50 ca 
101 0 |a rus 
102 |a RU 
105 |a a z 001zy 
200 1 |a Языковая игра в коммуникативном пространстве СМИ и рекламы  |f С. В. Ильясова, Л. П. Амири 
210 |a Москва  |c Флинта  |d 2009 
215 |a 296 с.  |c ил. 
320 |a Библиогр.: с. 279-293. 
330 |a Книга представляет собой первую академическую работу по языковой игре в СМИ и рекламе конца XX — начала XXI в., содержащую богатый систематизированный материал по теме, представляющей интерес для самого широкого круга читателей. В основе издания лежит принципиально новое исследование всего арсенала языковых средств, используемых в языковой игре на всех языковых уровнях в СМИ и рекламе. Материал иллюстрирован многочисленными примерами и разъяснениями. Для преподавателей, студентов и аспирантов филологических факультетов вузов, а также всех интересующихся активными процессами в современном русском языке. 
606 1 |a Реклама  |2 stltpush  |3 (RuTPU)RU\TPU\subj\24860  |9 49135 
606 1 |a Русский язык  |x Лексикология  |2 stltpush  |3 (RuTPU)RU\TPU\subj\26389  |9 50329 
610 1 |a языковые игры 
610 1 |a СМИ 
610 1 |a средства массовой информации 
610 1 |a рекламные тексты 
610 1 |a звуковые образы 
610 1 |a фонетические игры 
610 1 |a графические игры 
610 1 |a графические игры 
610 1 |a капитализация 
610 1 |a графогибридизация 
610 1 |a дефисация 
610 1 |a квотация 
610 1 |a парентезис 
610 1 |a слияния 
610 1 |a вставки 
610 1 |a параграфемы 
610 1 |a словообразования 
610 1 |a словообразование 
610 1 |a прецендентные феномены 
610 1 |a прецендентные феномены 
610 1 |a речевая неоднозначность 
610 1 |a язык 
610 1 |a реклама 
610 1 |a нормы 
610 1 |a графоморфоактулизация 
610 1 |a исправления 
610 1 |a псевдочленение текста 
610 1 |a манипулирование 
610 1 |a компрессия 
610 1 |a смысл 
610 1 |a морфологические игры 
610 1 |a инновации 
610 1 |a контаминация 
675 |a 659  |v 3 
686 |a Ш141.2-3  |v LBC/SL-A  |2 rubbk 
700 1 |a Ильясова  |b С. В.  |g Светлана Васильевна 
701 1 |a Амири  |b Л. П.  |g Людмила Петровна 
801 1 |a RU  |b 63413507  |c 20090923 
801 2 |a RU  |b 63413507  |c 20091211  |g RCR 
942 |c BK 
959 |a 98/20090923  |d 1  |e 0  |f ЧЗГЛ:1